| 000 | 00652nam a22002537a 4500 | ||
|---|---|---|---|
| 001 | 20792 | ||
| 003 | UA-OsUOA | ||
| 005 | 20240905100404.0 | ||
| 007 | ta | ||
| 008 | 20031104b un ||||| |||| 00| 0 ukr d | ||
| 020 | _a532500462X | ||
| 040 |
_aUA-OsUOA _brus _cUA-OsUOA _dUA-OsUOA |
||
| 041 | _arus | ||
| 044 | _aUA | ||
| 080 | _a320 | ||
| 090 |
_a320 _bП33 |
||
| 100 |
_aПироженко П. Л. _916133 |
||
| 245 |
_aОснови політології _bнавчальний посібник _cП. Л. Пироженко |
||
| 260 |
_aКиїв _bЛибідь _c1995 |
||
| 300 | _a336 с. | ||
| 650 | 7 | _2UDC | |
| 942 |
_cBK _2udc |
||
| 955 | _a0 | ||
| 999 |
_c306976 _d306976 |
||